Din kültürü ve ahlak bilgisi kaynak kitap: akâid-ibâdet-ahlâk-siyer (Record no. 6263)

000 -LEADER
fixed length control field 00944nmm a2200277 a 4500
001 - CONTROL NUMBER
control field ocm000604971
003 - CONTROL NUMBER IDENTIFIER
control field TR-IsHL
005 - DATE AND TIME OF LATEST TRANSACTION
control field 20201028134551.0
008 - FIXED-LENGTH DATA ELEMENTS--GENERAL INFORMATION
fixed length control field 131203s2006 tu tur
007 - PHYSICAL DESCRIPTION FIXED FIELD--GENERAL INFORMATION
fixed length control field cr cn
020 ## - INTERNATIONAL STANDARD BOOK NUMBER
International Standard Book Number 9789753590006
035 ## - SYSTEM CONTROL NUMBER
System control number 604971
-- (N$T)
050 04 - LIBRARY OF CONGRESS CALL NUMBER
Classification number BE1291
Item number .D56 2006
090 04 - LOCALLY ASSIGNED LC-TYPE CALL NUMBER (OCLC); LOCAL CALL NUMBER (RLIN)
Classification number (OCLC) (R) ; Classification number, CALL (RLIN) (NR) BE1291
Local cutter number (OCLC) ; Book number/undivided call number, CALL (RLIN) .D56 2006
245 10 - TITLE STATEMENT
Title Din kültürü ve ahlak bilgisi kaynak kitap: akâid-ibâdet-ahlâk-siyer
Medium [electronic resource] /
Statement of responsibility, etc. haz. Saim Kılavuz, Âkif Köten...[ve öte.]
260 ## - PUBLICATION, DISTRIBUTION, ETC.
Place of publication, distribution, etc. İstanbul :
Name of publisher, distributor, etc. Marifet Yayınları,
Date of publication, distribution, etc. 2006
300 ## - PHYSICAL DESCRIPTION
Extent 734 p.
650 #4 - SUBJECT ADDED ENTRY--TOPICAL TERM
Topical term or geographic name entry element Felsefe, Psikoloji ve Din
650 #4 - SUBJECT ADDED ENTRY--TOPICAL TERM
Topical term or geographic name entry element Philosophy, Psychology and Religion
650 #0 - SUBJECT ADDED ENTRY--TOPICAL TERM
Topical term or geographic name entry element Din eğitimi
650 #0 - SUBJECT ADDED ENTRY--TOPICAL TERM
Topical term or geographic name entry element Religious education
650 #7 - SUBJECT ADDED ENTRY--TOPICAL TERM
Topical term or geographic name entry element RELIGION / Education
Source of heading or term bisacsh
700 1# - ADDED ENTRY--PERSONAL NAME
Personal name Kılavuz, Saim
700 1# - ADDED ENTRY--PERSONAL NAME
Personal name Köten, Âkif
856 40 - ELECTRONIC LOCATION AND ACCESS
Uniform Resource Identifier <a href="http://search.ebscohost.com/login.aspx?direct=true&scope=site&db=e011xww&AN=604971">http://search.ebscohost.com/login.aspx?direct=true&scope=site&db=e011xww&AN=604971</a>
Holdings
Withdrawn status Lost status Source of classification or shelving scheme Damaged status Not for loan Collection code Permanent Location Current Location Date acquired Total Checkouts Full call number Barcode Date last seen Price effective from Koha item type
        Online   Kıbrıs Amerikan Üniversitesi Kütüphanesi / American University of Cyprus Kıbrıs Amerikan Üniversitesi Kütüphanesi / American University of Cyprus 28.10.2020   BE1291 .D56 2006 604971 28.10.2020 28.10.2020 E-Kitap
Devinim Yazılım Eğitim Danışmanlık tarafından Koha'nın orjinal sürümü uyarlanarak geliştirilip kurulmuştur.